000 00592nam a2200217Ia 4500
003 OSt
005 20220928140518.0
006 a|||||r|||| 00| 0
007 ta
008 220927b |||||||| |||| 00| 0 eng d
024 _a9106
037 _cTextual
040 _aSDCL
_cSDCL
_beng
041 _2eng
_aeng
082 _aD6,8(B2895), N7
100 _aTremblay J P Ed.
_9495628
245 0 _aDiscrete mathematical structures with applications to computer science
260 _c1997
942 _hD6,8(B2895), N7
_cTEXL
_2CC
999 _c811854
_d811854